Geomorphology. (2nd ed.) (Record no. 75887)

MARC details
000 -LEADER
fixed length control field 00876nam a2200205 a 4500
008 - FIXED-LENGTH DATA ELEMENTS--GENERAL INFORMATION
fixed length control field 120416s1960 ||||||||||||||||| || u
020 ## - INTERNATIONAL STANDARD BOOK NUMBER
International Standard Book Number 0582481473
050 ## - LIBRARY OF CONGRESS CALL NUMBER
Classification number GB 53 Spa
100 ## - MAIN ENTRY--PERSONAL NAME
Personal name Sparks, B. W
245 10 - TITLE STATEMENT
Title Geomorphology. (2nd ed.)
250 ## - EDITION STATEMENT
Edition statement 2nd ed.
260 ## - PUBLICATION, DISTRIBUTION, ETC.
Place of publication, distribution, etc. London:
Name of publisher, distributor, etc. Longman
Date of publication, distribution, etc. 1960
300 ## - PHYSICAL DESCRIPTION
Extent xxi, 530p. : ill.
350 ## -
-- 0.00
650 ## - SUBJECT ADDED ENTRY--TOPICAL TERM
Topical term or geographic name entry element GEOGRAPHY
650 #0 - SUBJECT ADDED ENTRY--TOPICAL TERM
Topical term or geographic name entry element GEOMORPHOLOGY
995 ## -
-- MAIN LIBRARY OPEN ACCESS
-- 0.00
-- 717923
-- CBU-MAIN LIBRARY (Kitwe)
-- 2
-- 6.65
-- GB 53 Spa
-- 2
-- AVAILABLE
-- 001262
-- Main Library Open Access Collection
995 ## -
-- BINDERY (DAMAGED)
-- 0.00
-- 717144
-- CBU-MAIN LIBRARY (Kitwe)
-- 1
-- 3.50
-- GB 53 SPA
-- 1
-- DAMAGED
-- 001261
-- Main Library Open Access Collection
995 ## -
-- MAIN LIBRARY OPEN ACCESS
-- 0.00
-- 717922
-- CBU-MAIN LIBRARY (Kitwe)
-- 1
-- 6.65
-- GB 53 Spa
-- 3
-- AVAILABLE
-- 001263
-- Main Library Open Access Collection
999 ## -
-- 75887
-- 75887
Holdings
Withdrawn status Lost status Source of classification or shelving scheme Damaged status Not for loan Permanent Location Current Location Shelving location Date acquired Total Checkouts Full call number Barcode Date last seen Copy number Price effective from Koha item type
          CBU-MAIN LIBRARY, KITWE. CBU-MAIN LIBRARY, KITWE.   04/25/2023   GB 53 Spa 001262 04/25/2023 1 04/25/2023 MONOGRAPH
          CBU-MAIN LIBRARY, KITWE. CBU-MAIN LIBRARY, KITWE.   04/25/2023   GB 53 Spa 001261 04/25/2023 2 04/25/2023 MONOGRAPH
          CBU-MAIN LIBRARY, KITWE. CBU-MAIN LIBRARY, KITWE.   04/25/2023   GB 53 Spa 001263 04/25/2023 3 04/25/2023 MONOGRAPH